| 000 | 00360nam a2200145Ia 4500 | ||
|---|---|---|---|
| 008 | 230917s9999||||xx |||||||||||||| ||und|| | ||
| 040 |
_e128100 _aMAIN |
||
| 041 | _aEnglish | ||
| 082 | _a342.54 P192C | ||
| 100 | _aPandey, G.S. | ||
| 245 | 0 | _aConstitutional law of India | |
| 260 |
_aAllahabad _bAllahabad law _c1979 |
||
| 300 | _axvi, 414p p. | ||
| 942 | _cBK | ||
| 999 |
_c202058 _d202058 |
||